| 000 | 00626nam a2200205 a 4500 | ||
|---|---|---|---|
| 001 | 000020974 | ||
| 003 | OSt | ||
| 005 | 20201112092946.0 | ||
| 008 | 100825s1977 dr r 000 0 spa d | ||
| 040 |
_aDO-SdBNP _bspa _cBNPHU |
||
| 082 |
_axxxx _bC569 |
||
| 245 | 0 | 4 |
_aLas ciencias políticas en la República Dominicana : _buna evaluación / |
| 260 |
_aSanto Domingo : _bAsociación para el desarrollo, _c1977. |
||
| 300 |
_a85 p. ; _c20 cm. |
||
| 500 | _aFondo para el avance de las ciencias sociales | ||
| 504 | _aBibliografía : p. 83-85 | ||
| 590 | _aInventariado, 2020/ YL | ||
| 910 | _aYLockward | ||
| 942 |
_2ddc _cLBS1 |
||
| 999 |
_c20477 _d20477 |
||